000 00267nam a22001217a 4500
008 180927b xxu||||| |||| 00| 0 eng d
041 _aeng
080 _a370
100 _a67
101 _aEDU
245 _aHandbook Of Current English
_cSmith..P
942 _2udc
_cBK
999 _c48533
_d48533